LEADER 01053nam a2200277 i 4500 001 000000156747 003 CaOOAMICUS 005 20211021165424.0 008 061213s1986 it u000 u ita u 013 $a134102 020 $a88-7644-035-6 040 $aSeMil$bita 100 1 $aSanavio, Piero.$0(OLS)http://semarc/name/61241 245 13$aLa gabbia di Ezra Pound /$cPiero Sanavio. 264 1$aMilano :$bLibri Scheiwiller,$c1986. 300 $a197 p., [1] c. di tav. :$bill. ;$c17 cm. 490 1 $aProsa ;$v7 600 14$aPound, Ezra <1885-1972>.$0(OLS)http://semarc/subject/22008 830 0$aProsa ;$v7.$0(OLS)http://semarc/title/22489 850 $aSeMil 852 $aSeMil$W1$xVenegono$y1$m1U I 34$j108496$B108496$CSeMilBibl$Z2$F118059 $81 961 $aOmaggio: Ciprandi dott. Paolo 996 $6020$a88-7644-035-6$9(OLS)http://semarc/number/146954 996 $6245$aLa gabbia di Ezra Pound$9(OLS)http://semarc/title/229793 996 $6264$aMilano :$bLibri Scheiwiller$9(OLS)http://semarc/publisher/29791 LEADER 00831nam a2200193 i 4500 001 000000247035 003 CaOOAMICUS 005 20151209000000.0 008 151209s1781 it u000 u ita u 013 $a225940 026 $ao..* 8.m. ,eli toiv (3) 1781 (R) [*= stella a 5 p.] 040 $aSeMil$bita 245 10$aDicembre. 300 $a327, [1] p. 500 $aSegn. : A-B8 C-2D4/8. 773 0 $aMassini, Carlo $tSeconda raccolta di vite de' santi per ciaschedun giorno dell'anno, ovvero Appendice alla Raccolta delle vite de' santi. Si premette la vita della santissima Vergine Maria ..$dIn Roma : Dalla Stamperia Pagliarini, 1781.$g12$w()32889 850 $aSeMil 852 $aSeMil$W1$xVenegono$y1$m3H II 24 FA$j197381$B197381$CSeMilBibl$Z2$F208494 $8I 996 $6245$aDicembre$9(OLS)http://semarc/title/271416 LEADER 01163nam a2200277 i 4500 001 000000221645 003 CaOOAMICUS 005 20130731000000.0 008 130731s2011 it u000 u ita u 013 $a200542 020 $a978-88-7018-822-6 040 $aSeMil$bita 100 1 $aChanial, Philippe.$0(OLS)http://semarc/name/77532 245 10$aHomo donator :$bcome nasce il legame sociale /$cPhilippe Chanial, Francesco Fistetti. 260 $aGenova :$bIl melangolo,$c2011. 300 $a110 p. ;$c20 cm. 490 0 $aOpuscula ;$v195 650 4$aDono - Aspetti socio-culturali.$0(OLS)http://semarc/subject/11940 700 1 $aFistetti, Francesco,$d<1949- >.$0(OLS)http://semarc/name/6078 830 0$aOpuscula ;$v195.$0(OLS)http://semarc/title/420504 850 $aSeMil 852 $aSeMil$W1$xVenegono$y1$m2O I 87$j171994$B171994$CSeMilBibl$Z2$F182953 $81 961 $aOmaggio: Conti don Ermenegildo 996 $6020$a978-88-7018-822-6$9(OLS)http://semarc/number/220734 996 $6245$aHomo donator :$bcome nasce il legame sociale$9(OLS)http://semarc/title/317751 996 $6260$aGenova :$bIl melangolo$9(OLS)http://semarc/publisher/30063